Egyesületi közlemények. Benkő Samu záróbeszéde az EME 1994. március 19-i közgyűlésén

Elmentve itt :
Bibliográfiai részletek
Szerző: BENKŐ Samu
Adatforrás:Meister
Forrásdokumentuma:Erdélyi Múzeum. -
1-2 sz., 1995, 165-167 p.
Nyelv:magyar
Kulcsszavak:intézménytörténet
kulturális intézmények
EME-közgyűlés
magyar-román kapcsolatok
JAKÓ Zsigmond
PRODAN David
Erdélyi Múzeum-Egyesület (EME)
LEADER 00628nab a2200193 i 4500
001 bibPRO00008568
008 060524s1995 xx hun
040 |a Sz1 
041 |a hun 
100 1 |a BENKŐ Samu 
245 1 0 |a Egyesületi közlemények. Benkő Samu záróbeszéde az EME 1994. március 19-i közgyűlésén  |c BENKŐ Samu 
695 |a intézménytörténet 
695 |a kulturális intézmények 
695 |a EME-közgyűlés 
695 |a magyar-román kapcsolatok 
695 |a JAKÓ Zsigmond 
695 |a PRODAN David 
695 |a Erdélyi Múzeum-Egyesület (EME) 
773 0 |t Erdélyi Múzeum. -  |g 1-2 sz., 1995, 165-167 p.